[Event "DVM U16 2009"]
[Site "Verden/Aller GER"]
[Date "2009.12.28"]
[Round "4"]
[White "Schreyer, Erik"]
[Black "Bücker, Florian"]
[Result "1/2-1/2"]
[Termination "normal"]
[Board "6.2"]
[WhiteElo "1821"]
[BlackElo "1628"]
[WhiteTeam "SV 1949 Herzogenrath"]
[BlackTeam "SC 1868 Bamberg"]
[PlyCount "60"]
[WhiteFideId "24603210"]
[BlackFideId "12910171"]
[EventCountry "GER"]
[EventRounds "7"]
[EventType "team-swiss"]
[EventDate "2009.12.26"]

1. e4 e6 2. d4 d5 3. exd5 exd5 4. Bd3 Bd6 5. Qf3 Be6 6. Ne2 Qd7 7. h3 Ne7 8.
Bf4 Nbc6 9. c3 f6 10. Nd2 O-O-O 11. O-O-O Ng6 12. Rde1 Kb8 13. Bxg6 hxg6 14.
Nb3 Bf7 15. Qg3 g5 16. Bxd6 Qxd6 17. f4 gxf4 18. Qxf4 Rhe8 19. Qxd6 Rxd6 20.
Nf4 g5 21. Rxe8+ Bxe8 22. Re1 Bf7 23. Nd3 Re6 24. Rf1 b6 25. Kd2 Bg6 26. g4 Nd8
27. Nbc1 Nb7 28. Ne2 Nd6 29. Nef4 Nc4+ 30. Kc1 Bxd3 1/2-1/2

[Event "DVM U16 2009"]
[Site "Verden/Aller GER"]
[Date "2009.12.28"]
[Round "4"]
[White "Schrepfer, Maximilian"]
[Black "Jerinic, Milan"]
[Result "1/2-1/2"]
[Termination "normal"]
[Board "6.3"]
[WhiteElo "1550"]
[BlackElo "1552"]
[WhiteTeam "SC 1868 Bamberg"]
[BlackTeam "SV 1949 Herzogenrath"]
[PlyCount "83"]
[WhiteFideId "12910180"]
[EventCountry "GER"]
[EventRounds "7"]
[EventType "team-swiss"]
[EventDate "2009.12.26"]

1. d4 d5 2. c4 c6 3. Nc3 Nf6 4. Nf3 e6 5. Bg5 h6 6. Bh4 g5 7. Bg3 dxc4 8. e3 b5
9. a4 Bb4 10. Ne5 Bb7 11. h4 Rg8 12. hxg5 hxg5 13. Qf3 Qe7 14. Rh6 Nfd7 15. Rh7
Nxe5 16. Bxe5 Nd7 17. Bg3 Nf8 18. Rh5 O-O-O 19. Qe4 a6 20. f4 c5 21. Qc2 cxd4
22. exd4 Rxd4 23. b3 Re4+ 24. Kd2 gxf4 25. Bf2 Qf6 26. axb5 Bxc3+ 27. Qxc3
Qxc3+ 28. Kxc3 axb5 29. Rxb5 Nd7 30. bxc4 Re5 31. c5 Bc6 32. Rb4 Bxg2 33. Rxf4
Bxf1 34. Rxf1 f5 35. Rc4 Kc7 36. c6 Nf6 37. Bd4 Nd5+ 38. Kb3 Rb8+ 39. Kc2 Re4
40. Kd2 Rxd4+ 41. Rxd4 Kxc6 42. Rc4+ 1/2-1/2

[Event "DVM U16 2009"]
[Site "Verden/Aller GER"]
[Date "2009.12.28"]
[Round "4"]
[White "Palmen, Niklas"]
[Black "Seubert, Lukas"]
[Result "1-0"]
[Termination "normal"]
[Board "6.4"]
[WhiteElo "1615"]
[BlackElo "1557"]
[WhiteTeam "SV 1949 Herzogenrath"]
[BlackTeam "SC 1868 Bamberg"]
[PlyCount "70"]
[EventCountry "GER"]
[EventRounds "7"]
[EventType "team-swiss"]
[EventDate "2009.12.26"]

1. e4 c5 2. Nf3 Nc6 3. d4 cxd4 4. Nxd4 d6 5. Nc3 g6 6. Be3 Bg7 7. Qd2 Nf6 8. f3
Bd7 9. O-O-O b6 10. Be2 Rc8 11. Ba6 Rb8 12. a3 Nxd4 13. Bxd4 O-O 14. g4 h6 15.
h4 Kh7 16. g5 Ng8 17. Bxg7 Kxg7 18. h5 e5 19. gxh6+ Kh7 20. hxg6+ fxg6 21. Qxd6
Qg5+ 22. Kb1 Be8 23. Qxf8 Qf6 24. Qxf6 Nxf6 25. Rd6 Nd7 26. Bb5 Nc5 27. Bxe8
Rxe8 28. b4 Na6 29. Rd7+ Kh8 30. Rxa7 Nb8 31. Ra8 Rf8 32. Rd1 Kh7 33. Rd6 Kxh6
34. Rxb6 Nd7 35. Rxf8 Nxb6 1-0

[Event "DVM U16 2009"]
[Site "Verden/Aller GER"]
[Date "2009.12.28"]
[Round "4"]
[White "Mao, Kevin"]
[Black "Stahnecker, Ludwig"]
[Result "0-1"]
[Termination "normal"]
[Board "7.1"]
[WhiteElo "1706"]
[BlackElo "1989"]
[WhiteTeam "SK 1980 Gernsheim"]
[BlackTeam "VfR-SC Koblenz"]
[PlyCount "49"]
[WhiteFideId "1271183"]
[BlackFideId "24692026"]
[EventCountry "GER"]
[EventRounds "7"]
[EventType "team-swiss"]
[EventDate "2009.12.26"]

1. e4 c5 2. Nc3 e6 3. f4 g6 4. Nf3 Bg7 5. Bc4 Nc6 6. O-O d6 7. d3 Nge7 8. Qe1
O-O 9. f5 gxf5 10. Qg3 fxe4 11. dxe4 Ng6 12. h4 Kh8 13. h5 Nge5 14. h6 Nxf3+
15. Rxf3 Bd4+ 16. Be3 Rb8 17. Qf2 Ne5 18. Bxd4 cxd4 19. Qxd4 Qb6 20. Qxb6 Nxf3+
21. Kf2 axb6 22. gxf3 Bd7 23. Rd1 Rbc8 24. Bb3 Bc6 25. Rd4 0-1

[Event "DVM U16 2009"]
[Site "Verden/Aller GER"]
[Date "2009.12.28"]
[Round "4"]
[White "Stahnecker, Wieland"]
[Black "Di Capua, Francesco Stefano"]
[Result "1-0"]
[Termination "normal"]
[Board "7.2"]
[WhiteElo "2040"]
[BlackElo "1583"]
[WhiteTeam "VfR-SC Koblenz"]
[BlackTeam "SK 1980 Gernsheim"]
[PlyCount "57"]
[WhiteFideId "4694481"]
[BlackFideId "24698903"]
[EventCountry "GER"]
[EventRounds "7"]
[EventType "team-swiss"]
[EventDate "2009.12.26"]

1. e4 e5 2. Nf3 Nc6 3. Bb5 a6 4. Ba4 Nf6 5. O-O Nxe4 6. d4 b5 7. Bb3 d5 8. dxe5
Be6 9. c3 Be7 10. Qe2 Nc5 11. Rd1 Nxb3 12. axb3 Bc5 13. Bg5 Be7 14. Bf4 O-O 15.
c4 bxc4 16. bxc4 d4 17. Na3 Bc5 18. Ng5 Qd7 19. Ne4 Ba7 20. h3 h6 21. Bxh6 f5
22. exf6 gxh6 23. Rd3 Rf7 24. Rg3+ Kf8 25. Qh5 Rh7 26. Rg7 Rxg7 27. Qxh6 Qf7
28. Ng5 Qg6 29. fxg7+ 1-0

[Event "DVM U16 2009"]
[Site "Verden/Aller GER"]
[Date "2009.12.28"]
[Round "4"]
[White "Hofmann, Christoph"]
[Black "Vossen, Daniel"]
[Result "0-1"]
[Termination "normal"]
[Board "7.3"]
[WhiteElo "1509"]
[BlackElo "1752"]
[WhiteTeam "SK 1980 Gernsheim"]
[BlackTeam "VfR-SC Koblenz"]
[PlyCount "76"]
[WhiteFideId "24698857"]
[EventCountry "GER"]
[EventRounds "7"]
[EventType "team-swiss"]
[EventDate "2009.12.26"]

1. d4 Nf6 2. c4 c5 3. d5 a6 4. Nc3 b5 5. cxb5 axb5 6. Nxb5 Qa5+ 7. Nc3 Bb7 8.
Bd2 Qb6 9. e4 e6 10. dxe6 fxe6 11. Qc2 Nc6 12. f3 Ba6 13. Na4 Qa7 14. Bxa6 Nd4
15. Qc3 Qxa6 16. Nxc5 Bxc5 17. Qxc5 Nb3 18. axb3 Qxa1+ 19. Qc1 O-O 20. Ne2 Rfc8
21. Bc3 d5 22. exd5 Nxd5 23. O-O Qa7+ 24. Kh1 Rab8 25. Nd4 Nxc3 26. bxc3 e5 27.
Ne2 Rxb3 28. Qd1 Rb2 29. Qd5+ Qf7 30. Qe4 Qd7 31. f4 Rf8 32. c4 Qd2 33. Ng3
exf4 34. Nf5 Rxf5 35. Qe6+ Rf7 36. Qe8+ Rf8 37. Qe6+ Kh8 38. Rg1 f3 0-1

[Event "DVM U16 2009"]
[Site "Verden/Aller GER"]
[Date "2009.12.28"]
[Round "4"]
[White "Lauer, Florian"]
[Black "Fornoff, Robin"]
[Result "1-0"]
[Termination "normal"]
[Board "7.4"]
[WhiteElo "1678"]
[BlackElo "1426"]
[WhiteTeam "VfR-SC Koblenz"]
[BlackTeam "SK 1980 Gernsheim"]
[PlyCount "80"]
[WhiteFideId "12910074"]
[BlackFideId "24698890"]
[EventCountry "GER"]
[EventRounds "7"]
[EventType "team-swiss"]
[EventDate "2009.12.26"]

1. e4 e5 2. Nf3 Nc6 3. d4 exd4 4. Nxd4 Qh4 5. Nc3 Bb4 6. Qd3 Bxc3+ 7. bxc3 Nf6
8. Nxc6 dxc6 9. e5 Nd5 10. g3 Qe7 11. f4 Be6 12. c4 Nb6 13. Qc3 Rd8 14. Bd3 Bh3
15. Ba3 Qd7 16. O-O-O Qe6 17. Rhe1 h5 18. Rd2 Bg4 19. Rf2 g6 20. Qb4 Bf5 21.
Re3 Bxd3 22. cxd3 f5 23. h3 Kf7 24. g4 Rhg8 25. Qb2 a6 26. Ref3 h4 27. Qb4 Rb8
28. Rb2 Rgd8 29. Rc2 Rd4 30. Qe1 Rbd8 31. Qxh4 Rh8 32. Qg5 Nd7 33. Rg3 fxg4 34.
hxg4 Rg8 35. Re3 Nf8 36. f5 gxf5 37. Qxf5+ Qxf5 38. gxf5 Rg1+ 39. Kb2 Rf1 40.
f6 Ne6 {weiter nich nachvollziehbar} 1-0

[Event "DVM U16 2009"]
[Site "Verden/Aller GER"]
[Date "2009.12.28"]
[Round "4"]
[White "Zenziper, Leo Robert"]
[Black "Azizi, Nassim"]
[Result "0-1"]
[Termination "normal"]
[Board "8.1"]
[WhiteElo "1429"]
[BlackElo "1706"]
[WhiteTeam "SV Dresden-Striesen"]
[BlackTeam "Schachfreunde 1974 Heinsberg"]
[PlyCount "68"]
[BlackFideId "4608119"]
[EventCountry "GER"]
[EventRounds "7"]
[EventType "team-swiss"]
[EventDate "2009.12.26"]

1. e4 c5 2. Nc3 d6 3. f4 Nc6 4. Bb5 e6 5. Nf3 Nge7 6. d3 g6 7. Bxc6+ bxc6 8.
O-O Bg7 9. Qe1 O-O 10. Ne2 Qb6 11. c3 Ba6 12. Qd2 Rfd8 13. Nh4 f5 14. Rf3 fxe4
15. dxe4 d5 16. e5 d4 17. cxd4 cxd4 18. Kh1 c5 19. b3 Qb5 20. Rf2 Bf8 21. Bb2
Bb7 22. Rd1 Nd5 23. Qd3 Qxd3 24. Rxd3 Nb4 25. Rd2 Nxa2 26. Bxd4 cxd4 27. Rxa2
Bb4 28. Rf1 d3 29. Ng3 d2 30. Rd1 Rac8 31. Raa1 Bd5 32. Nf3 Bxb3 33. Ne2 Bxd1
34. Rxd1 h6 0-1

[Event "DVM U16 2009"]
[Site "Verden/Aller GER"]
[Date "2009.12.28"]
[Round "4"]
[White "Bender, Andreas"]
[Black "Leithold, Christian"]
[Result "1-0"]
[Termination "normal"]
[Board "8.2"]
[WhiteElo "1831"]
[BlackElo "1338"]
[WhiteTeam "Schachfreunde 1974 Heinsberg"]
[BlackTeam "SV Dresden-Striesen"]
[PlyCount "65"]
[WhiteFideId "4675878"]
[EventCountry "GER"]
[EventRounds "7"]
[EventType "team-swiss"]
[EventDate "2009.12.26"]

1. e4 c6 2. d4 d5 3. Nc3 dxe4 4. Nxe4 Bf5 5. Ng3 Bg6 6. Nf3 Nd7 7. Bd3 Bxd3 8.
Qxd3 e6 9. O-O Qc7 10. c3 h6 11. Re1 O-O-O 12. b4 Ngf6 13. a4 c5 14. Be3 e5 15.
bxc5 Nxc5 16. Qf5+ Ne6 17. Nxe5 Kb8 18. Rab1 Bd6 19. a5 Bxe5 20. dxe5 Nd5 21.
Bd4 Rd7 22. Ne4 Nxd4 23. cxd4 Qd8 24. Rec1 a6 25. Qf3 Qxa5 26. Nc5 Qd8 27.
Nxd7+ Qxd7 28. Rc5 Nb6 29. d5 Re8 30. d6 Rc8 31. Rxc8+ Nxc8 32. Rc1 Qb5 33.
Qxf7 1-0

[Event "DVM U16 2009"]
[Site "Verden/Aller GER"]
[Date "2009.12.28"]
[Round "4"]
[White "Hanisch, Paul"]
[Black "Schlömer, Armin"]
[Result "1-0"]
[Termination "normal"]
[Board "8.3"]
[WhiteElo "1361"]
[BlackElo "1607"]
[WhiteTeam "SV Dresden-Striesen"]
[BlackTeam "Schachfreunde 1974 Heinsberg"]
[PlyCount "54"]
[BlackFideId "12910090"]
[EventCountry "GER"]
[EventRounds "7"]
[EventType "team-swiss"]
[EventDate "2009.12.26"]

1. b3 c5 2. Bb2 Nc6 3. e3 e6 4. f4 Nf6 5. Nf3 d6 6. Be2 Be7 7. O-O a6 8. a3 O-O
9. Qc1 b5 10. d3 Qb6 11. Kh1 Bb7 12. h3 Nd5 13. e4 Nf6 14. g4 Nd4 15. Nxd4 cxd4
16. Nd2 Rac8 17. Nf3 Qc5 18. Nxd4 e5 19. fxe5 dxe5 20. Nf5 g6 21. Qg5 Nd5 22.
Nxe7+ Nxe7 23. b4 h6 24. Qf6 Rc6 25. bxc5 Rxf6 26. Rxf6 Kg7 27. Bxe5 Kg8 1-0

[Event "DVM U16 2009"]
[Site "Verden/Aller GER"]
[Date "2009.12.28"]
[Round "4"]
[White "Bodden, Daniel"]
[Black "Röbke, Martin"]
[Result "1-0"]
[Termination "normal"]
[Board "8.4"]
[WhiteElo "1359"]
[BlackElo "1265"]
[WhiteTeam "Schachfreunde 1974 Heinsberg"]
[BlackTeam "SV Dresden-Striesen"]
[PlyCount "21"]
[WhiteFideId "12910112"]
[BlackFideId "12910244"]
[EventCountry "GER"]
[EventRounds "7"]
[EventType "team-swiss"]
[EventDate "2009.12.26"]

1. e4 e5 2. Nc3 Nc6 3. Bc4 Nf6 4. d3 d6 5. f4 Bg4 6. Nf3 Nd4 7. Be3 Nh5 8. fxe5
dxe5 9. Bxf7+ Ke7 10. Bxh5 Bxh5 11. Bg5+ 1-0

[Event "DVM U16 2009"]
[Site "Verden/Aller GER"]
[Date "2009.12.28"]
[Round "4"]
[White "Zarafat, Daniel"]
[Black "Biesel, Mario"]
[Result "1/2-1/2"]
[Termination "normal"]
[Board "9.1"]
[WhiteElo "1831"]
[BlackElo "1523"]
[WhiteTeam "SC Noris-Tarrasch Nürnberg 1873"]
[BlackTeam "SC Turm Illingen"]
[PlyCount "44"]
[WhiteFideId "4625781"]
[BlackFideId "12910252"]
[EventCountry "GER"]
[EventRounds "7"]
[EventType "team-swiss"]
[EventDate "2009.12.26"]

1. e4 c5 2. d4 cxd4 3. c3 dxc3 4. Nxc3 Nc6 5. Bc4 d6 6. Nf3 a6 7. O-O Nf6 8. h3
e6 9. Qe2 Be7 10. Rd1 b5 11. Bb3 Bd7 12. Bf4 Qb8 13. Rd2 Ra7 14. Rad1 Ne5 15.
Nxe5 dxe5 16. Be3 Rb7 17. f3 O-O 18. g4 Bc6 19. Qf2 a5 20. Bc5 a4 21. Bxe7 Rxe7
22. Bc2 Ra7 1/2-1/2

[Event "DVM U16 2009"]
[Site "Verden/Aller GER"]
[Date "2009.12.28"]
[Round "4"]
[White "Kuhn, Patrick"]
[Black "Junk, Philipp"]
[Result "1/2-1/2"]
[Termination "normal"]
[Board "9.2"]
[WhiteElo "1617"]
[BlackElo "1760"]
[WhiteTeam "SC Turm Illingen"]
[BlackTeam "SC Noris-Tarrasch Nürnberg 1873"]
[PlyCount "27"]
[WhiteFideId "12910260"]
[BlackFideId "24669512"]
[EventCountry "GER"]
[EventRounds "7"]
[EventType "team-swiss"]
[EventDate "2009.12.26"]

1. c4 f5 2. Nc3 Nf6 3. g3 d6 4. Bg2 c6 5. d3 e5 6. e4 Be7 7. Nge2 O-O 8. O-O
Na6 9. d4 Qc7 10. Bg5 Nh5 11. Bxe7 Qxe7 12. dxe5 dxe5 13. exf5 Bxf5 14. Be4
1/2-1/2

[Event "DVM U16 2009"]
[Site "Verden/Aller GER"]
[Date "2009.12.28"]
[Round "4"]
[White "Kulok, Solomon"]
[Black "Weiler, Philipp"]
[Result "1-0"]
[Termination "normal"]
[Board "9.3"]
[WhiteElo "1650"]
[BlackElo "1339"]
[WhiteTeam "SC Noris-Tarrasch Nürnberg 1873"]
[BlackTeam "SC Turm Illingen"]
[PlyCount "47"]
[WhiteFideId "24652210"]
[EventCountry "GER"]
[EventRounds "7"]
[EventType "team-swiss"]
[EventDate "2009.12.26"]

1. e4 e5 2. d4 exd4 3. Nf3 Nc6 4. Nxd4 Qf6 5. Be3 Bc5 6. c3 d6 7. Bc4 Nge7 8.
O-O Nxd4 9. cxd4 Bb6 10. Nc3 O-O 11. f4 Be6 12. Be2 Nc6 13. f5 Bd7 14. Nd5 Qd8
15. f6 g6 16. Nxb6 axb6 17. Qe1 Kh8 18. Qh4 Nb4 19. Rf4 g5 20. Qxg5 Rg8 21. Qh5
Ra5 22. Qxh7+ Kxh7 23. Rh4+ Kg6 24. Rh6# 1-0

[Event "DVM U16 2009"]
[Site "Verden/Aller GER"]
[Date "2009.12.28"]
[Round "4"]
[White "Küneke, Niklas"]
[Black "Myagkov, Kirill"]
[Result "0-1"]
[Termination "normal"]
[Board "9.4"]
[WhiteElo "1173"]
[BlackElo "1786"]
[WhiteTeam "SC Turm Illingen"]
[BlackTeam "SC Noris-Tarrasch Nürnberg 1873"]
[PlyCount "48"]
[BlackFideId "24657042"]
[EventCountry "GER"]
[EventRounds "7"]
[EventType "team-swiss"]
[EventDate "2009.12.26"]

1. e4 d5 2. exd5 Qxd5 3. Nc3 Qa5 4. Nf3 Bg4 5. h3 Bh5 6. d3 c6 7. g4 Bg6 8. Bg2
Nd7 9. Be3 e6 10. Qd2 Ngf6 11. Ng5 Bb4 12. Nge4 Bxe4 13. Bxe4 Nxe4 14. dxe4
O-O-O 15. O-O h5 16. gxh5 Qxh5 17. f3 Qxh3 18. Qg2 Qh4 19. Bg5 Bc5+ 20. Rf2
Bxf2+ 21. Kf1 Qh1+ 22. Qxh1 Rxh1+ 23. Kxf2 Rxa1 24. Bxd8 Kxd8 0-1

[Event "DVM U16 2009"]
[Site "Verden/Aller GER"]
[Date "2009.12.28"]
[Round "4"]
[White "Kremser, Michael"]
[Black "Schulz, Anja"]
[Result "0-1"]
[Termination "normal"]
[Board "10.1"]
[WhiteElo "1910"]
[BlackElo "1996"]
[WhiteTeam "Schachgemeinschaft Porz"]
[BlackTeam "SV Muldental Wilkau-Haßlau"]
[PlyCount "32"]
[WhiteFideId "1270131"]
[BlackFideId "24647845"]
[EventCountry "GER"]
[EventRounds "7"]
[EventType "team-swiss"]
[EventDate "2009.12.26"]

1. d4 Nf6 2. c4 g6 3. Nc3 Bg7 4. e4 d6 5. f3 O-O 6. Be3 Na6 7. Qd2 Nd7 8. Bd3
c5 9. Nge2 e6 10. h4 h5 11. O-O-O Qc7 12. Kb1 Rb8 13. Rdg1 b5 14. Nf4 bxc4 15.
Be2 Qb7 16. dxc5 Naxc5 {Partie nicht rekonstruirbar} 0-1

[Event "DVM U16 2009"]
[Site "Verden/Aller GER"]
[Date "2009.12.28"]
[Round "4"]
[White "Schuffenhauer, Robert"]
[Black "Finke, Kai"]
[Result "0-1"]
[Termination "normal"]
[Board "10.2"]
[WhiteElo "1629"]
[BlackElo "1659"]
[WhiteTeam "SV Muldental Wilkau-Haßlau"]
[BlackTeam "Schachgemeinschaft Porz"]
[PlyCount "88"]
[WhiteFideId "1270108"]
[BlackFideId "1270611"]
[EventCountry "GER"]
[EventRounds "7"]
[EventType "team-swiss"]
[EventDate "2009.12.26"]

1. d4 Nf6 2. c4 e6 3. Nc3 c5 4. d5 exd5 5. cxd5 d6 6. e4 g6 7. f4 Bg7 8. Nf3
O-O 9. Bd3 Re8 10. O-O Na6 11. f5 Nd7 12. fxg6 fxg6 13. Kh1 Ne5 14. Bg5 Qc7 15.
Nxe5 Bxe5 16. Bf6 Bxf6 17. Rxf6 Qe7 18. Qf3 Bd7 19. Rf1 Rf8 20. Rxf8+ Rxf8 21.
Qxf8+ Qxf8 22. Rxf8+ Kxf8 23. Bb5 Ke7 24. Bxd7 Kxd7 25. a3 Nc7 26. g3 b5 27.
Kg2 Ke7 28. Kf3 Kf6 29. Ke3 Ke5 30. g4 g5 31. Nb1 a5 32. Nd2 a4 33. h3 Na8 34.
h4 h6 35. hxg5 hxg5 36. Nf3+ Kf6 37. Kd3 Nb6 38. Nd2 Ke5 39. Nf1 Nc4 40. b3
axb3 41. a4 b2 42. Kc2 bxa4 43. Ng3 a3 44. Ne2 a2 0-1

[Event "DVM U16 2009"]
[Site "Verden/Aller GER"]
[Date "2009.12.28"]
[Round "4"]
[White "Krause, Johann"]
[Black "Ahlswede, Christian"]
[Result "0-1"]
[Termination "normal"]
[Board "10.3"]
[WhiteElo "1507"]
[BlackElo "1437"]
[WhiteTeam "Schachgemeinschaft Porz"]
[BlackTeam "SV Muldental Wilkau-Haßlau"]
[PlyCount "66"]
[WhiteFideId "1270612"]
[EventCountry "GER"]
[EventRounds "7"]
[EventType "team-swiss"]
[EventDate "2009.12.26"]

1. e3 c5 2. b3 Nc6 3. Bb2 e6 4. Nf3 Nf6 5. Be2 Be7 6. c4 O-O 7. O-O d5 8. d4 b6
9. Nc3 a5 10. cxd5 exd5 11. dxc5 bxc5 12. Na4 Ne4 13. Ne5 Nxe5 14. Bxe5 f6 15.
Bb2 Bb7 16. f3 Ng5 17. Ba3 Ne6 18. Rc1 Rc8 19. Nc3 Kh8 20. Nb5 Ba6 21. Nc3 Bxe2
22. Qxe2 d4 23. Rfd1 Re8 24. Qc4 Bf8 25. Ne2 Qd7 26. Bb2 Qa7 27. exd4 cxd4 28.
Qd5 Rcd8 29. Qc4 d3+ 30. Nd4 Nxd4 31. Bxd4 Qxd4+ 32. Qxd4 Rxd4 33. Rc3 d2 0-1

[Event "DVM U16 2009"]
[Site "Verden/Aller GER"]
[Date "2009.12.28"]
[Round "4"]
[White "Range, Felix"]
[Black "Schell, Samuel"]
[Result "0-1"]
[Termination "normal"]
[Board "10.4"]
[WhiteElo "1274"]
[BlackElo "1475"]
[WhiteTeam "SV Muldental Wilkau-Haßlau"]
[BlackTeam "Schachgemeinschaft Porz"]
[PlyCount "67"]
[WhiteFideId "12905623"]
[EventCountry "GER"]
[EventRounds "7"]
[EventType "team-swiss"]
[EventDate "2009.12.26"]

1. e4 g6 2. d4 Bg7 3. Nf3 d6 4. Be3 Bg4 5. Be2 Nc6 6. c3 e5 7. d5 Nce7 8. Nbd2
f5 9. Ng5 Bxe2 10. Qxe2 Bf6 11. Ne6 Qd7 12. Nb3 fxe4 13. c4 c6 14. Qd1 b5 15.
Ng5 bxc4 16. dxc6 Nxc6 17. Nd2 d5 18. f4 h6 19. Nh3 exf4 20. Nxf4 g5 21. Qh5+
Qf7 22. Qxf7+ Kxf7 23. Nxd5 Bxb2 24. O-O+ Kg6 25. Rab1 Rd8 26. Rxb2 Rxd5 27.
Nxc4 Nf6 28. h3 Rhd8 29. Rbf2 Ne8 30. Nd2 Re5 31. Rc1 Nb4 32. a3 Nd3 33. Rc6+
Re6 34. Rxe6+ {gemäß Mitschrift folgt nun Sd6:} 0-1

[Event "DVM U16 2009"]
[Site "Verden/Aller GER"]
[Date "2009.12.29"]
[Round "5"]
[White "Mundorf, Johannes"]
[Black "Braun, Georg"]
[Result "1/2-1/2"]
[Termination "normal"]
[Board "1.2"]
[WhiteElo "1858"]
[BlackElo "2023"]
[WhiteTeam "SV Mülheim Nord 1931"]
[BlackTeam "SK Bebenhausen"]
[PlyCount "63"]
[WhiteFideId "24672491"]
[BlackFideId "24629383"]
[EventCountry "GER"]
[EventRounds "7"]
[EventType "team-swiss"]
[EventDate "2009.12.26"]

1. d4 Nf6 2. Nf3 g6 3. g3 c5 4. c4 Bg7 5. Bg2 O-O 6. O-O cxd4 7. Nxd4 Nc6 8.
Nc2 d6 9. Nc3 Be6 10. b3 Qd7 11. Re1 Rfd8 12. e4 Rab8 13. Bb2 a6 14. Qd2 b5 15.
cxb5 axb5 16. Ne3 Rdc8 17. Ncd5 Ng4 18. Bxg7 Kxg7 19. Rac1 Nxe3 20. Qxe3 Bxd5
21. exd5 Ne5 22. f4 Ng4 23. Qd4+ Nf6 24. Rc6 h5 25. Rec1 h4 26. Qc3 b4 27. Qd4
hxg3 28. hxg3 Rh8 29. Rc7 Qg4 30. Qe3 Rhe8 31. R7c4 Rec8 32. Qf3 1/2-1/2

[Event "DVM U16 2009"]
[Site "Verden/Aller GER"]
[Date "2009.12.29"]
[Round "5"]
[White "Kaulich, Philipp Theodor"]
[Black "Simanowski, Mio"]
[Result "1-0"]
[Termination "normal"]
[Board "1.3"]
[WhiteElo "1874"]
[BlackElo "1633"]
[WhiteTeam "SK Bebenhausen"]
[BlackTeam "SV Mülheim Nord 1931"]
[PlyCount "159"]
[WhiteFideId "4641582"]
[BlackFideId "24687154"]
[EventCountry "GER"]
[EventRounds "7"]
[EventType "team-swiss"]
[EventDate "2009.12.26"]

1. e4 e5 2. f4 exf4 3. Nf3 d6 4. Bc4 Bg4 5. O-O Be7 6. d4 Nf6 7. Qe1 Bxf3 8.
Rxf3 O-O 9. Bxf4 Nh5 10. Be3 Bh4 11. Qf1 Qe8 12. Nc3 Be7 13. Nd5 Bd8 14. Rh3 c6
15. Rxh5 cxd5 16. Bxd5 Nd7 17. Qf4 Nf6 18. Rf5 Nxd5 19. Rxd5 Qe6 20. Rf1 Rc8
21. c3 Be7 22. Qf5 Qxf5 23. exf5 Rc6 24. Bf4 Rfc8 25. Re1 Bf8 26. Rb5 b6 27.
Kf2 a6 28. Rd5 Rd8 29. Re3 Rc7 30. Bg5 f6 31. Bf4 Re7 32. Rxe7 Bxe7 33. Ke3 Kf7
34. Kd3 g6 35. g4 Ke8 36. c4 g5 37. Bg3 Rd7 38. b4 Kd8 39. a4 Kc7 40. a5 Kc6
41. axb6 Kxb6 42. Ra5 Bf8 43. Ra2 d5 44. c5+ Kb7 45. Re2 Re7 46. Rxe7+ Bxe7 47.
Kc3 Kc6 48. Kb3 Kb5 49. Bc7 Bf8 50. Bd8 Bg7 51. Be7 a5 52. bxa5 Kxa5 53. Ka3
Kb5 54. Bd6 Bh8 55. Bf8 Ka5 56. c6 Kb6 57. Kb4 Kxc6 58. Ka5 Kd7 59. Kb5 Ke8 60.
Bd6 Bg7 61. Kc5 Kd7 62. Kxd5 Bh6 63. Bc5 Bg7 64. Kc4 Bh6 65. d5 Bg7 66. Kd4 Bh6
67. Ke4 Bg7 68. Kf3 Bh6 69. Kg3 Bg7 70. h3 Ke8 71. h4 Kf7 72. hxg5 fxg5 73. Kf3
Ke8 74. Ke4 Kd7 75. Bd4 Bf8 76. Be5 Bb4 77. f6 Bd2 78. Kf5 Ke8 79. Ke6 Bb4 80.
d6 0-1

[Event "DVM U16 2009"]
[Site "Verden/Aller GER"]
[Date "2009.12.29"]
[Round "5"]
[White "Messing, Simon"]
[Black "Zimmermann, Ulrich"]
[Result "0-1"]
[Termination "normal"]
[Board "1.4"]
[WhiteElo "1593"]
[BlackElo "1972"]
[WhiteTeam "SV Mülheim Nord 1931"]
[BlackTeam "SK Bebenhausen"]
[PlyCount "62"]
[WhiteFideId "24651990"]
[BlackFideId "24654523"]
[EventCountry "GER"]
[EventRounds "7"]
[EventType "team-swiss"]
[EventDate "2009.12.26"]

1. Nf3 f5 2. d4 Nf6 3. Bf4 g6 4. Nc3 Bg7 5. Qd2 d6 6. Bh6 O-O 7. Bxg7 Kxg7 8.
e3 c6 9. Bd3 d5 10. O-O-O b5 11. h4 h5 12. Ne5 Qb6 13. f3 Nbd7 14. g4 hxg4 15.
fxg4 Nxe5 16. dxe5 Nxg4 17. Rdg1 Qxe3 18. Qxe3 Nxe3 19. h5 Bd7 20. Rxg6+ Kf7
21. Kd2 Ng4 22. Re1 e6 23. Bxf5 Nh2 24. Bg4 Rg8 25. Rf6+ Ke7 26. Be2 Rg2 27.
Nd1 d4 28. Rg6 Nf3+ 29. Kc1 Nxe1 30. Rxg2 Nxg2 31. Nf2 Nf4 0-1

[Event "DVM U16 2009"]
[Site "Verden/Aller GER"]
[Date "2009.12.29"]
[Round "5"]
[White "Sarchisov, Slavik"]
[Black "Thumulka, Patrick"]
[Result "1-0"]
[Termination "normal"]
[Board "2.2"]
[WhiteElo "2115"]
[BlackElo "1892"]
[WhiteTeam "OSG Baden-Baden"]
[BlackTeam "SG Oesede-Georgsmarienhütte"]
[PlyCount "82"]
[WhiteFideId "24647888"]
[BlackFideId "24676870"]
[EventCountry "GER"]
[EventRounds "7"]
[EventType "team-swiss"]
[EventDate "2009.12.26"]

1. e4 e6 2. d4 d5 3. Nc3 Nf6 4. e5 Nfd7 5. f4 c5 6. Nf3 Nc6 7. Be3 cxd4 8. Nxd4
Bc5 9. Qd2 O-O 10. O-O-O a6 11. Qf2 Nxd4 12. Bxd4 Bxd4 13. Qxd4 b5 14. Bd3 Qb6
15. Ne2 Qxd4 16. Nxd4 Nc5 17. Rhe1 Bd7 18. Re3 Nxd3+ 19. Rdxd3 Rfc8 20. Rc3 Kf8
21. Rxc8+ Rxc8 22. b3 Ke7 23. Kb2 Kd8 24. Rg3 g6 25. Rh3 h5 26. Rc3 Rxc3 27.
Kxc3 Kc7 28. b4 Kb6 29. Nf3 Kc6 30. Kd4 Be8 31. Ng5 Kb6 32. Nh7 Kc7 33. Kc5 Bc6
34. g3 Be8 35. Nf6 Bc6 36. c3 Bb7 37. Ne8+ Kd7 38. Nd6 Bc8 39. Nxf7 Ke7 40. Nh8
Bd7 41. Nxg6+ Kf7 1-0